Attrition - A Menace for an Industry Today (Record no. 69107)

MARC details
000 -LEADER
fixed length control field 00368nam a2200145Ia 4500
008 - FIXED-LENGTH DATA ELEMENTS--GENERAL INFORMATION
fixed length control field 221007s9999 xx 000 0 und d
041 ## - LANGUAGE CODE
Language code of text/sound track or separate title eng
082 ## - DEWEY DECIMAL CLASSIFICATION NUMBER
Item number NIL
100 ## - MAIN ENTRY--PERSONAL NAME
Personal name Nikalje V B (2k71079)
9 (RLIN) 101952
245 ## - TITLE STATEMENT
Title Attrition - A Menace for an Industry Today
260 ## - PUBLICATION, DISTRIBUTION, ETC. (IMPRINT)
Date of publication, distribution, etc. 2009
Name of publisher, distributor, etc. Pune University
Place of publication, distribution, etc. Pune
300 ## - PHYSICAL DESCRIPTION
Extent 73p
520 ## - SUMMARY, ETC.
Summary, etc. Kulkarni M
906 ## - LOCAL DATA ELEMENT F, LDF (RLIN)
b General
Holdings
Withdrawn status Lost status Damaged status Not for loan Home library Current library Date acquired Vendor Total Checkouts Full call number Barcode Date last seen Bill Date Koha item type Original Barcode
        Smt. Hiraben Nanavati Institute of Management & Research for Women Smt. Hiraben Nanavati Institute of Management & Research for Women 01/01/1900 HNIMR   NIL HIMR-PR-353 07/10/2022 01/09/2009 Project Reports PR0353